Kinh tế Việt Nam hội nhập và phát triển = Vietnam economy integration and development

সংরক্ষণ করুন:
গ্রন্থ-পঞ্জীর বিবরন
প্রধান লেখক: Trường ĐHKT Tp. HCM
বিন্যাস: গ্রন্থ
ভাষা:Undetermined
প্রকাশিত: Tp. HCM Tp. HCM 2001
বিষয়গুলি:
ট্যাগগুলো: ট্যাগ যুক্ত করুন
কোনো ট্যাগ নেই, প্রথমজন হিসাবে ট্যাগ করুন!
Thư viện lưu trữ: Trung tâm Học liệu Trường Đại học Cần Thơ
LEADER 00616nam a2200193Ia 4500
001 CTU_53540
008 210402s9999 xx 000 0 und d
020 |b 250000 
082 |a 330.9597 
082 |b Tr561 
100 |a Trường ĐHKT Tp. HCM 
245 0 |a Kinh tế Việt Nam hội nhập và phát triển = Vietnam economy integration and development 
245 0 |c Trường ĐHKT Tp. HCM 
260 |a Tp. HCM 
260 |b Tp. HCM 
260 |c 2001 
650 |a vietnam 
650 |x economic conditions,developing countries 
980 |a Trung tâm Học liệu Trường Đại học Cần Thơ